Tilastot visalle Valtioiden muotoja maailmankartalla #7

Klikkaa tästä pelataksesi tätä visaa!

Yleistilastot

  • Tätä visaa on pelattu 505 kertaa
  • Keskiarvotulos 17 / 20

Vastaukset kartalla

Vastauksille on annettu kartalla punavihreä väri sen mukaan, kuinka moni on saanut sen oikein.
 

Vastaustilastot

Valtio% Oikein
Ruotsi
99%
Turkki
99%
Madagaskar
98%
Latvia
97%
Bulgaria
93%
Somalia
93%
Paraguay
91%
Sri Lanka
91%
Bangladesh
84%
Kap Verde
83%
Kirgisia
82%
Honduras
80%
Costa Rica
79%
Uganda
74%
Kongon tasavalta
73%
Malawi
73%
Liberia
72%
Burkina Faso
71%
Vanuatu
71%
Salomonsaaret
70%

Tulosjakauma

Persentiili vastausten määrän mukaan

Jokaisen tuloksen saaneiden osuus

Tuloshistoriasi

Et ole pelannut tätä visaa